00498nam a22001577a 4500003000800000008004100008020001500049041001200064082001600076100002100092242003900113245011400152260004300266300001000309650002100319SLTCLib260114b ce ||||| |||| 00| 0 eng d a9558086118 aSinhala a005.54bWIJ aWjerathne, N. P. aMicrosoft Word Piyawaren Piyawara aමයික්‍රෝසොෆ්ට් වර්ඩ් පියවරෙන් පියවර aKotadeniyabAshirwada Prakashanac2003 a213p. 0aComputer science